000 00399nam a22001697a 4500
003 SGT
020 _a9780199679379
082 _a616.0757
_bP19C
100 _aDaly, Blanaid..[et. al.]
245 _aEssential Dental Public Health
250 _a2nd
260 _bOxford Univ. press
_c2013
300 _a253
650 _aDental Public Health
653 _aDental Public Health
942 _2ddc
_cBK
999 _c22822
_d22822